000 00468nam a2200205 4500
001 774
005 20181127162049.0
010 0 0 _a
020 0 0 _a0672302004
090 0 0 _a005.133 P4621c 1992
100 0 0 _aPerry, Greg.
245 0 0 _aC++ programming 101 /
_b
_cGreg Perry.
_h
250 0 0 _a
260 0 0 _aCarmel, IN :
_bSams Publishing,
_c1992.
300 0 0 _axxxi, 631 p.
500 0 0 _a
650 0 0 _a
_x
650 0 0 _a
_x
650 0 0 _aC++ (Computer program language).
999 _c563
_d563